[Event "ODJM C 2025"]
[Site "Willingen GER"]
[Date "2025.06.10"]
[Round "4"]
[White "Fabritius, Heinrich"]
[Black "Muhl, Jakob"]
[Result "1-0"]
[Termination "normal"]
[Board "18"]
[WhiteElo "1224"]
[BlackElo "1510"]
[WhiteClock "00:56:56"]
[BlackClock "01:04:01"]
[PlyCount "67"]
[WhiteFideId "533026238"]
[BlackFideId "34635181"]
[EventCountry "GER"]
[EventRounds "9"]
[EventType "swiss"]
[EventDate "2025.06.07"]

1. d4 {[%clk 01:30:57]} {[%emt 00:00:03]} d5 {[%clk 01:30:51]} {[%emt
00:00:08]} 2. c4 {[%clk 01:31:20]} {[%emt 00:00:07]} e6 {[%clk 01:31:13]}
{[%emt 00:00:07]} 3. Nc3 {[%clk 01:31:34]} {[%emt 00:00:16]} Nf6 {[%clk
01:31:25]} {[%emt 00:00:18]} 4. Bf4 {[%clk 01:31:32]} {[%emt 00:00:32]} Be7
{[%clk 01:31:01]} {[%emt 00:00:53]} 5. e3 {[%clk 01:31:52]} {[%emt 00:00:12]}
Nbd7 {[%clk 01:30:41]} {[%emt 00:00:49]} 6. Nf3 {[%clk 01:31:42]} {[%emt
00:00:40]} O-O {[%clk 01:29:57]} {[%emt 00:01:15]} 7. Bd3 {[%clk 01:30:42]}
{[%emt 00:01:29]} c6 {[%clk 01:29:41]} {[%emt 00:00:46]} 8. O-O {[%clk
01:30:23]} {[%emt 00:00:48]} b6 {[%clk 01:27:58]} {[%emt 00:02:15]} 9. Re1
{[%clk 01:24:55]} {[%emt 00:05:58]} Ba6 {[%clk 01:25:22]} {[%emt 00:03:06]} 10.
cxd5 {[%clk 01:17:36]} {[%emt 00:07:49]} Bxd3 {[%clk 01:24:55]} {[%emt
00:00:56]} 11. dxc6 {[%clk 01:15:18]} {[%emt 00:02:49]} Bf5 {[%clk 01:22:46]}
{[%emt 00:02:39]} 12. cxd7 {[%clk 01:12:40]} {[%emt 00:03:07]} Nxd7 {[%clk
01:21:15]} {[%emt 00:02:02]} 13. d5 {[%clk 01:07:20]} {[%emt 00:05:50]} Nf6
{[%clk 01:16:52]} {[%emt 00:04:53]} 14. d6 {[%clk 01:05:28]} {[%emt 00:02:23]}
Rc8 {[%clk 01:14:14]} {[%emt 00:03:08]} 15. dxe7 {[%clk 01:03:59]} {[%emt
00:01:59]} Qxe7 {[%clk 01:14:28]} {[%emt 00:00:16]} 16. Bd6 {[%clk 01:03:49]}
{[%emt 00:00:40]} Qe8 {[%clk 01:12:54]} {[%emt 00:02:04]} 17. Bxf8 {[%clk
01:02:59]} {[%emt 00:01:20]} Qxf8 {[%clk 01:13:06]} {[%emt 00:00:17]} 18. e4
{[%clk 01:00:50]} {[%emt 00:02:40]} Bg4 {[%clk 01:12:07]} {[%emt 00:01:27]} 19.
h3 {[%clk 01:01:01]} {[%emt 00:00:21]} Bxf3 {[%clk 01:10:22]} {[%emt 00:02:15]}
20. Qxf3 {[%clk 01:00:01]} {[%emt 00:01:29]} Rd8 {[%clk 01:09:16]} {[%emt
00:01:37]} 21. Rad1 {[%clk 00:58:55]} {[%emt 00:01:36]} Rc8 {[%clk 01:08:39]}
{[%emt 00:01:07]} 22. e5 {[%clk 00:58:14]} {[%emt 00:01:11]} Nd5 {[%clk
01:08:18]} {[%emt 00:00:50]} 23. Nxd5 {[%clk 00:56:37]} {[%emt 00:02:07]} exd5
{[%clk 01:08:31]} {[%emt 00:00:17]} 24. Rc1 {[%clk 00:56:48]} {[%emt 00:00:19]}
Rd8 {[%clk 01:08:07]} {[%emt 00:00:45]} 25. Red1 {[%clk 00:57:07]} {[%emt
00:00:20]} d4 {[%clk 01:08:08]} {[%emt 00:00:29]} 26. Rc4 {[%clk 00:56:39]}
{[%emt 00:00:57]} Re8 {[%clk 01:05:32]} {[%emt 00:03:07]} 27. Rcxd4 {[%clk
00:56:13]} {[%emt 00:00:55]} Rxe5 {[%clk 01:05:22]} {[%emt 00:00:40]} 28. Rd8
{[%clk 00:56:28]} {[%emt 00:00:16]} Re8 {[%clk 01:05:42]} {[%emt 00:00:10]} 29.
Qa8 {[%clk 00:56:13]} {[%emt 00:00:46]} h6 {[%clk 01:04:52]} {[%emt 00:01:20]}
30. Rxe8 {[%clk 00:56:23]} {[%emt 00:00:20]} Qxe8 {[%clk 01:05:11]} {[%emt
00:00:10]} 31. Qxe8+ {[%clk 00:56:40]} {[%emt 00:00:13]} Kh7 {[%clk 01:05:36]}
{[%emt 00:00:05]} 32. Qxf7 {[%clk 00:56:39]} {[%emt 00:00:31]} h5 {[%clk
01:03:49]} {[%emt 00:02:17]} 33. Qxh5+ {[%clk 00:56:56]} {[%emt 00:00:13]} Kg8
{[%clk 01:04:01]} {[%emt 00:00:18]} 34. Rd8# {[%emt 00:00:06]} 1-0

[Event "ODJM C 2025"]
[Site "Willingen GER"]
[Date "2025.06.10"]
[Round "4"]
[White "Rafikov, Artur"]
[Black "Holzhäuser, Thibaut Lautaro"]
[Result "0-1"]
[Termination "normal"]
[Board "19"]
[WhiteElo "1423"]
[BlackElo "1035"]
[WhiteClock "00:52:21"]
[BlackClock "00:25:26"]
[PlyCount "49"]
[WhiteFideId "34642676"]
[BlackFideId "34679731"]
[EventCountry "GER"]
[EventRounds "9"]
[EventType "swiss"]
[EventDate "2025.06.07"]

1. e4 {[%clk 01:30:59]} {[%emt 00:00:01]} e5 {[%clk 01:30:52]} {[%emt
00:00:08]} 2. Nf3 {[%clk 01:31:16]} {[%emt 00:00:13]} Nc6 {[%clk 01:31:17]}
{[%emt 00:00:04]} 3. Bb5 {[%clk 01:31:35]} {[%emt 00:00:11]} a6 {[%clk
01:30:47]} {[%emt 00:01:01]} 4. Ba4 {[%clk 01:31:57]} {[%emt 00:00:07]} Nf6
{[%clk 01:30:52]} {[%emt 00:00:25]} 5. O-O {[%clk 01:31:05]} {[%emt 00:01:22]}
Be7 {[%clk 01:29:33]} {[%emt 00:01:49]} 6. c3 {[%clk 01:28:55]} {[%emt
00:02:40]} O-O {[%clk 01:27:02]} {[%emt 00:03:01]} 7. Bc2 {[%clk 01:28:29]}
{[%emt 00:00:54]} d5 {[%clk 01:08:32]} {[%emt 00:19:02]} 8. exd5 {[%clk
01:23:20]} {[%emt 00:05:40]} Nxd5 {[%clk 01:04:31]} {[%emt 00:04:30]} 9. d4
{[%clk 01:19:18]} {[%emt 00:04:32]} exd4 {[%clk 01:04:24]} {[%emt 00:00:38]}
10. Nxd4 {[%clk 01:18:37]} {[%emt 00:01:10]} Nxd4 {[%clk 01:03:12]} {[%emt
00:01:42]} 11. Qxd4 {[%clk 01:18:23]} {[%emt 00:00:43]} Nf6 {[%clk 00:57:26]}
{[%emt 00:06:17]} 12. Qe3 {[%clk 01:13:52]} {[%emt 00:04:58]} Re8 {[%clk
00:50:33]} {[%emt 00:07:27]} 13. Rd1 {[%clk 01:13:34]} {[%emt 00:00:42]} Bd6
{[%clk 00:50:43]} {[%emt 00:00:25]} 14. Qg5 {[%clk 01:09:45]} {[%emt 00:04:19]}
Bg4 {[%clk 00:42:13]} {[%emt 00:08:55]} 15. Rf1 {[%clk 01:08:30]} {[%emt
00:01:44]} h6 {[%clk 00:34:20]} {[%emt 00:08:29]} 16. Qa5 {[%clk 01:06:22]}
{[%emt 00:02:37]} Be2 {[%clk 00:28:31]} {[%emt 00:06:14]} 17. Re1 {[%clk
01:03:09]} {[%emt 00:03:49]} Bb5 {[%clk 00:28:38]} {[%emt 00:00:18]} 18. c4
{[%clk 01:02:33]} {[%emt 00:01:11]} Rxe1+ {[%clk 00:28:21]} {[%emt 00:00:47]}
19. Qxe1 {[%clk 01:02:16]} {[%emt 00:00:46]} Bxc4 {[%clk 00:28:31]} {[%emt
00:00:21]} 20. Nc3 {[%clk 01:01:21]} {[%emt 00:01:25]} Qe8 {[%clk 00:27:56]}
{[%emt 00:01:00]} 21. Be3 {[%clk 01:00:45]} {[%emt 00:01:10]} Ng4 {[%clk
00:26:27]} {[%emt 00:01:59]} 22. Qd2 {[%clk 00:55:01]} {[%emt 00:06:13]} Bxh2+
{[%clk 00:24:54]} {[%emt 00:02:05]} 23. Kh1 {[%clk 00:54:20]} {[%emt 00:00:56]}
Nxe3 {[%clk 00:25:03]} {[%emt 00:00:37]} 24. Kxh2 {[%clk 00:52:21]} {[%emt
00:02:27]} Nf1+ {[%clk 00:25:26]} {[%emt 00:00:08]} 25. Qd1 {[%emt 00:00:39]}
0-1

[Event "ODJM C 2025"]
[Site "Willingen GER"]
[Date "2025.06.10"]
[Round "4"]
[White "Martens, Nele"]
[Black "Hirtzel, Amelie Meiyan"]
[Result "0-1"]
[Termination "normal"]
[Board "20"]
[WhiteElo "1036"]
[BlackElo "1172"]
[WhiteClock "01:09:01"]
[BlackClock "01:01:26"]
[PlyCount "42"]
[WhiteFideId "533001952"]
[BlackFideId "533001898"]
[EventCountry "GER"]
[EventRounds "9"]
[EventType "swiss"]
[EventDate "2025.06.07"]

1. e4 {[%clk 01:30:57]} c5 {[%clk 01:30:57]} {[%emt 00:00:05]} 2. Nf3 {[%clk
01:30:21]} {[%emt 00:01:04]} e6 {[%clk 01:31:20]} {[%emt 00:00:08]} 3. Bb5
{[%clk 01:29:16]} {[%emt 00:01:34]} a6 {[%clk 01:31:38]} {[%emt 00:00:14]} 4.
Ba4 {[%clk 01:29:03]} {[%emt 00:00:41]} b5 {[%clk 01:31:50]} {[%emt 00:00:19]}
5. Bxb5 {[%clk 01:28:41]} {[%emt 00:00:52]} axb5 {[%clk 01:32:06]} {[%emt
00:00:14]} 6. O-O {[%clk 01:28:15]} {[%emt 00:00:55]} Nc6 {[%clk 01:31:54]}
{[%emt 00:00:43]} 7. d4 {[%clk 01:28:10]} {[%emt 00:00:35]} cxd4 {[%clk
01:31:52]} {[%emt 00:00:33]} 8. Nxd4 {[%clk 01:28:16]} {[%emt 00:00:23]} Bb7
{[%clk 01:31:43]} {[%emt 00:00:39]} 9. Nxb5 {[%clk 01:27:22]} {[%emt 00:01:24]}
Ba6 {[%clk 01:30:25]} {[%emt 00:01:48]} 10. c4 {[%clk 01:22:59]} {[%emt
00:04:52]} Nf6 {[%clk 01:30:05]} {[%emt 00:00:51]} 11. Re1 {[%clk 01:21:51]}
{[%emt 00:01:37]} Bxb5 {[%clk 01:25:31]} {[%emt 00:05:05]} 12. cxb5 {[%clk
01:22:05]} {[%emt 00:00:16]} Ne5 {[%clk 01:24:42]} {[%emt 00:01:19]} 13. Nc3
{[%clk 01:19:52]} {[%emt 00:02:43]} Bc5 {[%clk 01:23:32]} {[%emt 00:01:41]} 14.
Be3 {[%clk 01:18:39]} {[%emt 00:01:41]} Bxe3 {[%clk 01:22:45]} {[%emt
00:01:17]} 15. Rxe3 {[%clk 01:18:40]} {[%emt 00:00:30]} O-O {[%clk 01:21:36]}
{[%emt 00:01:39]} 16. a4 {[%clk 01:13:54]} {[%emt 00:05:16]} Nc4 {[%clk
01:20:30]} {[%emt 00:01:36]} 17. Re2 {[%clk 01:13:21]} {[%emt 00:01:03]} Qc7
{[%clk 01:10:24]} {[%emt 00:10:37]} 18. Qc1 {[%clk 01:11:21]} {[%emt 00:02:28]}
Rfd8 {[%clk 01:08:08]} {[%emt 00:02:47]} 19. b3 {[%clk 01:09:14]} {[%emt
00:02:36]} Ng4 {[%clk 01:01:05]} {[%emt 00:07:35]} 20. h3 {[%clk 01:08:37]}
{[%emt 00:01:02]} Qh2+ {[%clk 01:01:26]} {[%emt 00:00:13]} 21. Kf1 {[%clk
01:09:01]} {[%emt 00:00:07]} Qh1# {[%emt 00:00:11]} 0-1

[Event "ODJM C 2025"]
[Site "Willingen GER"]
[Date "2025.06.10"]
[Round "4"]
[White "Kähling, Fiete"]
[Black "Kiesewetter, Lara"]
[Result "1/2-1/2"]
[Termination "normal"]
[Board "21"]
[WhiteElo "835"]
[BlackElo "1131"]
[WhiteClock "00:50:36"]
[BlackClock "00:50:23"]
[PlyCount "46"]
[WhiteFideId "533046700"]
[BlackFideId "533043736"]
[EventCountry "GER"]
[EventRounds "9"]
[EventType "swiss"]
[EventDate "2025.06.07"]

1. d4 {[%clk 01:30:57]} {[%emt 00:00:03]} Nf6 {[%clk 01:30:53]} {[%emt
00:00:08]} 2. Nc3 {[%clk 01:31:09]} {[%emt 00:00:17]} g6 {[%clk 01:30:59]}
{[%emt 00:00:24]} 3. e4 {[%clk 01:31:12]} {[%emt 00:00:27]} d6 {[%clk
01:30:10]} {[%emt 00:01:19]} 4. h3 {[%clk 01:30:11]} {[%emt 00:01:31]} Bg7
{[%clk 01:30:28]} {[%emt 00:00:12]} 5. Nf3 {[%clk 01:27:39]} {[%emt 00:03:02]}
O-O {[%clk 01:29:40]} {[%emt 00:01:18]} 6. Bc4 {[%clk 01:25:39]} {[%emt
00:02:30]} Nbd7 {[%clk 01:27:45]} {[%emt 00:02:26]} 7. O-O {[%clk 01:16:51]}
{[%emt 00:09:18]} c5 {[%clk 01:23:25]} {[%emt 00:04:49]} 8. e5 {[%clk
01:10:48]} {[%emt 00:06:34]} Ne8 {[%clk 01:18:42]} {[%emt 00:05:12]} 9. Bb5
{[%clk 01:08:03]} {[%emt 00:03:15]} a6 {[%clk 01:15:55]} {[%emt 00:03:17]} 10.
Bxd7 {[%clk 01:08:24]} {[%emt 00:00:07]} Qxd7 {[%clk 01:16:15]} {[%emt
00:00:10]} 11. dxc5 {[%clk 01:08:21]} {[%emt 00:00:33]} dxc5 {[%clk 01:10:26]}
{[%emt 00:06:19]} 12. Qxd7 {[%clk 01:07:17]} {[%emt 00:01:33]} Bxd7 {[%clk
01:10:43]} {[%emt 00:00:15]} 13. Rd1 {[%clk 01:06:45]} {[%emt 00:01:03]} Bf5
{[%clk 01:10:24]} {[%emt 00:00:48]} 14. Nd5 {[%clk 01:00:40]} {[%emt 00:06:34]}
Bxc2 {[%clk 01:03:33]} {[%emt 00:07:21]} 15. Nxe7+ {[%clk 01:01:00]} {[%emt
00:00:10]} Kh8 {[%clk 01:03:49]} {[%emt 00:00:14]} 16. Re1 {[%clk 00:52:02]}
{[%emt 00:09:29]} Nc7 {[%clk 01:01:23]} {[%emt 00:02:56]} 17. Bg5 {[%clk
00:50:05]} {[%emt 00:02:26]} f6 {[%clk 00:56:23]} {[%emt 00:05:31]} 18. exf6
{[%clk 00:50:25]} {[%emt 00:00:10]} Bxf6 {[%clk 00:56:47]} {[%emt 00:00:06]}
19. Bxf6+ {[%clk 00:50:21]} {[%emt 00:00:33]} Rxf6 {[%clk 00:57:12]} {[%emt
00:00:06]} 20. Rac1 {[%clk 00:50:10]} {[%emt 00:00:39]} Ba4 {[%clk 00:53:38]}
{[%emt 00:04:06]} 21. Rxc5 {[%clk 00:50:22]} {[%emt 00:00:18]} Ne6 {[%clk
00:52:34]} {[%emt 00:01:33]} 22. Rc8+ {[%clk 00:50:12]} {[%emt 00:00:41]} Rxc8
{[%clk 00:52:19]} {[%emt 00:00:45]} 23. Nxc8 {[%clk 00:50:36]} {[%emt
00:00:07]} Nc5 {[%clk 00:50:23]} {[%emt 00:02:25]} 1/2-1/2

[Event "ODJM C 2025"]
[Site "Willingen GER"]
[Date "2025.06.10"]
[Round "4"]
[White "Richter, Mila"]
[Black "Weimar, Yaron"]
[Result "1/2-1/2"]
[Termination "normal"]
[Board "23"]
[WhiteElo "1231"]
[BlackElo "918"]
[WhiteClock "01:21:59"]
[BlackClock "01:31:06"]
[PlyCount "72"]
[WhiteFideId "533025568"]
[BlackFideId "533013098"]
[EventCountry "GER"]
[EventRounds "9"]
[EventType "swiss"]
[EventDate "2025.06.07"]

1. e4 {[%clk 01:30:59]} e5 {[%clk 01:30:54]} {[%emt 00:00:07]} 2. Nf3 {[%clk
01:31:25]} {[%emt 00:00:04]} Nc6 {[%clk 01:31:15]} {[%emt 00:00:10]} 3. Nc3
{[%clk 01:31:48]} {[%emt 00:00:05]} Nf6 {[%clk 01:31:26]} {[%emt 00:00:19]} 4.
d4 {[%clk 01:32:08]} {[%emt 00:00:11]} exd4 {[%clk 01:31:43]} {[%emt 00:00:13]}
5. Nxd4 {[%clk 01:32:30]} {[%emt 00:00:07]} Bc5 {[%clk 01:31:19]} {[%emt
00:00:54]} 6. Be3 {[%clk 01:32:51]} {[%emt 00:00:10]} Nxd4 {[%clk 01:31:07]}
{[%emt 00:00:41]} 7. Bxd4 {[%clk 01:33:06]} {[%emt 00:00:14]} Bxd4 {[%clk
01:31:23]} {[%emt 00:00:15]} 8. Qxd4 {[%clk 01:33:23]} {[%emt 00:00:13]} d6
{[%clk 01:31:18]} {[%emt 00:00:36]} 9. Bc4 {[%clk 01:33:25]} {[%emt 00:00:26]}
O-O {[%clk 01:31:33]} {[%emt 00:00:16]} 10. O-O-O {[%clk 01:32:40]} {[%emt
00:01:15]} Re8 {[%clk 01:30:59]} {[%emt 00:01:04]} 11. Rhe1 {[%clk 01:32:38]}
{[%emt 00:00:31]} Be6 {[%clk 01:31:10]} {[%emt 00:00:21]} 12. Nd5 {[%clk
01:28:45]} {[%emt 00:04:22]} Nxd5 {[%clk 01:31:03]} {[%emt 00:00:38]} 13. Bxd5
{[%clk 01:27:56]} {[%emt 00:01:17]} Bxd5 {[%clk 01:29:53]} {[%emt 00:01:41]}
14. Qxd5 {[%clk 01:28:09]} {[%emt 00:00:16]} Qc8 {[%clk 01:29:07]} {[%emt
00:01:17]} 15. f4 {[%clk 01:27:05]} {[%emt 00:01:33]} Qg4 {[%clk 01:29:08]}
{[%emt 00:00:29]} 16. g3 {[%clk 01:26:30]} {[%emt 00:01:06]} b6 {[%clk
01:28:46]} {[%emt 00:00:53]} 17. e5 {[%clk 01:26:10]} {[%emt 00:00:49]} Qe6
{[%clk 01:28:31]} {[%emt 00:00:45]} 18. Kb1 {[%clk 01:22:20]} {[%emt 00:04:19]}
Qxd5 {[%clk 01:28:47]} {[%emt 00:00:15]} 19. Rxd5 {[%clk 01:22:37]} {[%emt
00:00:13]} dxe5 {[%clk 01:28:30]} {[%emt 00:00:48]} 20. Rdxe5 {[%clk 01:22:19]}
{[%emt 00:00:47]} Kf8 {[%clk 01:28:37]} {[%emt 00:00:23]} 21. Rxe8+ {[%clk
01:21:48]} {[%emt 00:01:01]} Rxe8 {[%clk 01:27:52]} {[%emt 00:01:15]} 22. Rxe8+
{[%clk 01:22:07]} {[%emt 00:00:10]} Kxe8 {[%clk 01:28:13]} {[%emt 00:00:09]}
23. Kc1 {[%clk 01:22:31]} {[%emt 00:00:06]} Ke7 {[%clk 01:28:33]} {[%emt
00:00:11]} 24. Kd2 {[%clk 01:22:53]} {[%emt 00:00:07]} Kf6 {[%clk 01:28:52]}
{[%emt 00:00:11]} 25. Ke3 {[%clk 01:23:13]} {[%emt 00:00:10]} Ke6 {[%clk
01:29:02]} {[%emt 00:00:21]} 26. Ke4 {[%clk 01:23:14]} {[%emt 00:00:26]} f5+
{[%clk 01:29:24]} {[%emt 00:00:11]} 27. Kd4 {[%clk 01:23:13]} {[%emt 00:00:29]}
c5+ {[%clk 01:29:21]} 28. Kc4 {[%clk 01:22:30]} {[%emt 00:01:22]} a6 29. Kd3
{[%clk 01:22:30]} b5 30. c4 {[%clk 01:22:30]} b4 {[%clk 01:29:40]} 31. Ke3
{[%clk 01:22:30]} Kf6 {[%emt 00:03:55]} 32. Kf3 {[%clk 01:22:03]} {[%emt
00:00:08]} a5 {[%clk 01:30:18]} {[%emt 00:00:23]} 33. h3 {[%clk 01:22:02]}
{[%emt 00:00:30]} h5 {[%clk 01:30:28]} {[%emt 00:00:20]} 34. Kf2 {[%clk
01:21:38]} {[%emt 00:00:52]} g5 {[%clk 01:30:38]} {[%emt 00:00:23]} 35. fxg5+
{[%clk 01:21:45]} {[%emt 00:00:22]} Kxg5 {[%clk 01:31:00]} {[%emt 00:00:09]}
36. Kf3 {[%clk 01:21:59]} {[%emt 00:00:15]} Kf6 {[%clk 01:31:06]} {[%emt
00:00:23]} 1/2-1/2

[Event "ODJM C 2025"]
[Site "Willingen GER"]
[Date "2025.06.10"]
[Round "4"]
[White "Romberg, Moritz"]
[Black "Giss, Marlene"]
[Result "1-0"]
[Termination "normal"]
[Board "24"]
[WhiteElo "1565"]
[BlackElo "939"]
[WhiteClock "01:20:32"]
[BlackClock "01:16:20"]
[PlyCount "51"]
[WhiteFideId "34676600"]
[BlackFideId "533018391"]
[EventCountry "GER"]
[EventRounds "9"]
[EventType "swiss"]
[EventDate "2025.06.07"]

1. d4 {[%clk 01:30:59]} d5 {[%clk 01:30:51]} {[%emt 00:00:11]} 2. c4 {[%clk
01:31:23]} {[%emt 00:00:04]} e6 {[%clk 01:31:13]} {[%emt 00:00:08]} 3. Nc3
{[%clk 01:31:46]} {[%emt 00:00:07]} Nf6 {[%clk 01:31:13]} {[%emt 00:00:30]} 4.
Bg5 {[%clk 01:32:06]} {[%emt 00:00:10]} Be7 {[%clk 01:31:26]} {[%emt 00:00:17]}
5. e3 {[%clk 01:32:25]} {[%emt 00:00:10]} O-O {[%clk 01:31:23]} {[%emt
00:00:33]} 6. Nf3 {[%clk 01:31:59]} {[%emt 00:00:54]} c6 {[%clk 01:31:19]}
{[%emt 00:00:37]} 7. cxd5 {[%clk 01:31:27]} {[%emt 00:01:02]} exd5 {[%clk
01:31:26]} {[%emt 00:00:22]} 8. Bd3 {[%clk 01:30:56]} {[%emt 00:01:01]} Bg4
{[%clk 01:31:34]} {[%emt 00:00:21]} 9. h3 {[%clk 01:29:54]} {[%emt 00:01:33]}
Bh5 {[%clk 01:31:26]} {[%emt 00:00:37]} 10. Qc2 {[%clk 01:27:52]} {[%emt
00:02:33]} Nbd7 {[%clk 01:27:42]} {[%emt 00:04:14]} 11. Ne5 {[%clk 01:26:59]}
{[%emt 00:01:23]} g6 {[%clk 01:25:10]} {[%emt 00:03:01]} 12. Nxd7 {[%clk
01:24:20]} {[%emt 00:03:10]} Qxd7 {[%clk 01:25:01]} {[%emt 00:00:37]} 13. g4
{[%clk 01:23:24]} {[%emt 00:01:28]} Ne4 {[%clk 01:22:34]} {[%emt 00:02:56]} 14.
Bxe7 {[%clk 01:23:15]} {[%emt 00:00:40]} Qxe7 {[%clk 01:22:25]} {[%emt
00:00:36]} 15. Nxe4 {[%clk 01:23:14]} {[%emt 00:00:33]} dxe4 {[%clk 01:22:03]}
{[%emt 00:00:53]} 16. Be2 {[%clk 01:21:32]} {[%emt 00:02:13]} Qb4+ {[%clk
01:21:24]} {[%emt 00:01:08]} 17. Qc3 {[%clk 01:21:32]} {[%emt 00:00:31]} Qd6
{[%clk 01:16:17]} {[%emt 00:05:35]} 18. O-O-O {[%clk 01:19:52]} {[%emt
00:02:11]} Qd5 {[%clk 01:16:17]} {[%emt 00:00:30]} 19. Qc4 {[%clk 01:18:58]}
{[%emt 00:01:24]} Qg5 {[%clk 01:16:17]} {[%emt 00:00:29]} 20. gxh5 {[%clk
01:19:05]} {[%emt 00:00:24]} gxh5 {[%clk 01:15:46]} {[%emt 00:01:00]} 21. Rhg1
{[%clk 01:19:27]} {[%emt 00:00:10]} b5 {[%clk 01:15:43]} {[%emt 00:00:32]} 22.
Rxg5+ {[%clk 01:19:50]} {[%emt 00:00:07]} Kh8 {[%clk 01:16:00]} {[%emt
00:00:11]} 23. Qc5 {[%clk 01:19:49]} {[%emt 00:00:33]} Rg8 {[%clk 01:16:10]}
{[%emt 00:00:20]} 24. Qe5+ {[%clk 01:20:09]} {[%emt 00:00:10]} f6 {[%clk
01:16:20]} {[%emt 00:00:19]} 25. Qxf6+ {[%clk 01:20:36]} {[%emt 00:00:04]} Rg7
{[%clk 01:16:20]} {[%emt 00:00:29]} 26. Qxg7# {[%clk 01:20:32]} {[%emt
00:00:04]} 1-0

[Event "ODJM C 2025"]
[Site "Willingen GER"]
[Date "2025.06.10"]
[Round "4"]
[White "Prokscha, Kilian"]
[Black "Bathmann, Severin"]
[Result "0-1"]
[Termination "normal"]
[Board "25"]
[WhiteElo "970"]
[BlackElo "1107"]
[WhiteClock "00:53:04"]
[BlackClock "01:06:46"]
[PlyCount "82"]
[WhiteFideId "533002843"]
[BlackFideId "34697276"]
[EventCountry "GER"]
[EventRounds "9"]
[EventType "swiss"]
[EventDate "2025.06.07"]

1. d4 {[%clk 01:30:59]} {[%emt 00:00:01]} d5 {[%clk 01:30:53]} {[%emt
00:00:09]} 2. c4 {[%clk 01:31:17]} {[%emt 00:00:10]} Nf6 {[%clk 01:31:00]}
{[%emt 00:00:22]} 3. cxd5 {[%clk 01:30:58]} {[%emt 00:00:49]} Nxd5 {[%clk
01:31:17]} {[%emt 00:00:14]} 4. e4 {[%clk 01:30:34]} {[%emt 00:00:53]} Nb6
{[%clk 01:31:20]} {[%emt 00:00:28]} 5. Nc3 {[%clk 01:30:30]} {[%emt 00:00:33]}
e6 {[%clk 01:31:35]} {[%emt 00:00:16]} 6. Nf3 {[%clk 01:30:29]} {[%emt
00:00:30]} c6 {[%clk 01:31:39]} {[%emt 00:00:27]} 7. Bd3 {[%clk 01:29:45]}
{[%emt 00:01:13]} N8d7 {[%clk 01:31:17]} {[%emt 00:00:53]} 8. O-O {[%clk
01:28:59]} {[%emt 00:01:15]} Bd6 {[%clk 01:30:57]} {[%emt 00:00:50]} 9. Be3
{[%clk 01:28:31]} {[%emt 00:00:55]} Bc7 {[%clk 01:28:30]} {[%emt 00:03:01]} 10.
Qb3 {[%clk 01:27:05]} {[%emt 00:01:56]} O-O {[%clk 01:27:41]} {[%emt 00:01:19]}
11. Rfd1 {[%clk 01:25:02]} {[%emt 00:02:32]} e5 {[%clk 01:26:54]} {[%emt
00:01:17]} 12. d5 {[%clk 01:22:14]} {[%emt 00:03:19]} c5 {[%clk 01:26:38]}
{[%emt 00:00:46]} 13. Qa3 {[%clk 01:17:34]} {[%emt 00:05:10]} Bd6 {[%clk
01:24:51]} {[%emt 00:02:16]} 14. Qb3 {[%clk 01:15:29]} {[%emt 00:02:35]} Qc7
{[%clk 01:24:04]} {[%emt 00:01:17]} 15. Nb5 {[%clk 01:14:51]} {[%emt 00:01:08]}
Qb8 {[%clk 01:23:39]} {[%emt 00:00:55]} 16. Nxd6 {[%clk 01:14:29]} {[%emt
00:00:52]} Qxd6 {[%clk 01:23:57]} {[%emt 00:00:12]} 17. Bb5 {[%clk 01:11:42]}
{[%emt 00:03:18]} Nf6 {[%clk 01:23:06]} {[%emt 00:01:21]} 18. Qc2 {[%clk
01:06:12]} {[%emt 00:06:00]} a6 {[%clk 01:23:13]} {[%emt 00:00:23]} 19. Bxc5
{[%clk 01:05:53]} {[%emt 00:00:48]} Qc7 {[%clk 01:22:22]} {[%emt 00:01:21]} 20.
Bd3 {[%clk 01:05:19]} {[%emt 00:01:04]} Re8 {[%clk 01:21:23]} {[%emt 00:01:30]}
21. Bxb6 {[%clk 01:04:15]} {[%emt 00:01:33]} Qxb6 {[%clk 01:21:12]} {[%emt
00:00:41]} 22. Qb3 {[%clk 01:02:21]} {[%emt 00:02:24]} Qxb3 {[%clk 01:21:02]}
{[%emt 00:00:40]} 23. axb3 {[%clk 01:02:03]} {[%emt 00:00:48]} Nxd5 {[%clk
01:20:58]} {[%emt 00:00:35]} 24. exd5 {[%clk 01:01:25]} {[%emt 00:01:07]} e4
{[%clk 01:21:16]} {[%emt 00:00:13]} 25. Bxa6 {[%clk 01:01:28]} {[%emt
00:00:27]} exf3 {[%clk 01:21:28]} {[%emt 00:00:17]} 26. Bb5 {[%clk 01:00:47]}
{[%emt 00:01:11]} Rxa1 {[%clk 01:21:35]} {[%emt 00:00:24]} 27. Rxa1 {[%clk
01:00:59]} {[%emt 00:00:18]} Rd8 {[%clk 01:21:49]} {[%emt 00:00:16]} 28. Bc4
{[%clk 01:00:00]} {[%emt 00:01:25]} g6 {[%clk 01:21:02]} {[%emt 00:01:20]} 29.
gxf3 {[%clk 01:00:06]} {[%emt 00:00:24]} Bh3 {[%clk 01:20:43]} {[%emt
00:00:49]} 30. Rd1 {[%clk 00:59:23]} {[%emt 00:01:13]} Kg7 {[%clk 01:18:47]}
{[%emt 00:02:27]} 31. Bf1 {[%clk 00:58:44]} {[%emt 00:01:08]} Bf5 {[%clk
01:18:39]} {[%emt 00:00:38]} 32. Rd2 {[%clk 00:58:34]} {[%emt 00:00:40]} Kf6
{[%clk 01:18:20]} {[%emt 00:00:50]} 33. f4 {[%clk 00:57:53]} {[%emt 00:01:11]}
h6 {[%clk 01:16:54]} {[%emt 00:01:56]} 34. Bg2 {[%clk 00:57:19]} {[%emt
00:01:04]} Rc8 {[%clk 01:16:16]} {[%emt 00:01:07]} 35. Kf1 {[%clk 00:56:52]}
{[%emt 00:00:57]} b6 {[%clk 01:14:44]} {[%emt 00:02:03]} 36. Rd4 {[%clk
00:54:17]} {[%emt 00:03:04]} Bc2 {[%clk 01:12:29]} {[%emt 00:02:45]} 37. b4
{[%clk 00:54:07]} {[%emt 00:00:40]} Bb3 {[%clk 01:11:51]} {[%emt 00:01:08]} 38.
Bh3 {[%clk 00:53:49]} {[%emt 00:00:48]} Rc4 {[%clk 01:10:56]} {[%emt 00:01:25]}
39. Rd3 {[%clk 00:53:15]} {[%emt 00:01:04]} Ba4 {[%clk 01:08:32]} {[%emt
00:02:55]} 40. d6 {[%clk 00:53:06]} {[%emt 00:00:39]} Bb5 {[%clk 01:06:34]}
{[%emt 00:02:28]} 41. Rd5 {[%clk 00:53:04]} {[%emt 00:00:32]} Rc5+ {[%clk
01:06:46]} {[%emt 00:00:17]} 0-1